Loreto College Library, Kolkata
WEBOPAC (ONLINE PUBLIC ACCESS CATALOGUE)

Holy Bible (Record no. 23459)

MARC details
000 -LEADER
fixed length control field 00499nam a2200181Ia 4500
005 - DATE AND TIME OF LATEST TRANSACTION
control field 20230824112649.0
008 - FIXED-LENGTH DATA ELEMENTS--GENERAL INFORMATION
fixed length control field 131103s9999 xx 000 0 und d
040 ## - CATALOGING SOURCE
Original cataloging agency Loreto College
041 ## - LANGUAGE CODE
Language code English
082 ## - DDC | ডিউই
Classification number | বর্গসংখ্যা 220
Book Number | গ্রন্থাঙ্ক BIB
100 ## - MAIN ENTRY--PERSONAL NAME | মুখ্য সংলেখ - ব্যাক্তিনাম
Personal name | ব্যাক্তিনাম Bible.Old and New testaments . Authorized version.
245 ## - TITLE STATEMENT | অাখ্যা বিবরণী
Title | অাখ্যা Holy Bible
Sub title | উপঅাখ্যা containing the old and new testaments
260 ## - IMPRINT | প্রকাশনা ক্ষেত্র
Place of publication | প্রকাশ স্থান Philadelphia
Name of publisher | প্রকাশকের নাম National Bible Press
Date of publication | প্রকাশ কাল c 1978
300 ## - PHYSICAL DESCRIPTION |
Page / Vol. No | পৃষ্ঠা / খন্ড সংখ্যা 1289p.
650 ## - SUBJECT ADDED ENTRY--TOPICAL TERM | বিষয় শিরোনাম - মূল বিষয়
Topical term | মূল বিষয় Bible
850 ## - HOLDING INSTITUTION
Holding institution LCLIB
942 ## - ADDED ENTRY ELEMENTS (KOHA)
Koha item type Books
Holdings
Withdrawn status Lost status Source of classification Damaged status Not for loan Home library Current library Date acquired Total Checkouts Full call number Accession No. Date last seen Date checked out Price effective from Koha item type Coded location qualifier
    Dewey Decimal Classification     Loreto College Loreto College 04/11/2013 1 220 BIB 42736 B26112 13/09/2017 13/09/2017 04/11/2013 Books